Két kéz - egy hiba
Elmentve itt :
| Szerző: | |
|---|---|
| Dokumentumtípus: | Cikk |
| Megjelent: |
1963-12-21
|
| Sorozat: | Délmagyarország
53 No. 298 |
| Kulcsszavak: | Mezőgazdaság fejlesztések építkezés 1963, Építőipar kritika 1963, mezőgazdasági termelőszövetkezetek |
| Online Access: | http://dmarchiv.bibl.u-szeged.hu/68403 |
| LEADER | 00535nab a2200157 i 4500 | ||
|---|---|---|---|
| 001 | delm68403 | ||
| 005 | 20180927153753.0 | ||
| 008 | 180927s1963 hu o 0|| hun d | ||
| 040 | |a SZTE Délmagyarország Archívum |b hun | ||
| 041 | |a hun | ||
| 100 | 1 | |a Lődi Ferenc | |
| 245 | 1 | 0 | |a Két kéz - egy hiba |h [elektronikus dokumentum] / |c Lődi Ferenc |
| 260 | |c 1963-12-21 | ||
| 300 | |a 5 | ||
| 490 | 0 | |a Délmagyarország |v 53 No. 298 | |
| 695 | |a Mezőgazdaság fejlesztések építkezés 1963, Építőipar kritika 1963, mezőgazdasági termelőszövetkezetek | ||